Clash royale common cards - Statistics

General Stats
  • This quiz has been taken 10 times
  • The average score is 26 of 46
Answer Stats
Hint Answer % Correct
Spell Arrows
100%
Troop Archers
86%
Troop Barbarians
86%
Building Cannon
86%
Troop Fire spirit
86%
Troop Goblins
86%
Troop Knight
86%
Troop Spear goblins
86%
Troop Elite barbarians
71%
Troop Firecracker
71%
Troop Goblin gang
71%
Troop Ice spirit
71%
Troop Skeletons
71%
Building Tesla
71%
Spell Zap
71%
Troop Bats
57%
Troop Electro spirit
57%
Evo Evo archers
57%
Evo Evo barbarians
57%
Evo Evo cannon
57%
Evo Evo firecracker
57%
Evo Evo giant snowball
57%
Evo Evo ice spirit
57%
Evo Evo Tesla
57%
Evo Evo zap
57%
Spell Giant snowball
57%
Troop Minion horde
57%
Troop Minions
57%
Building Mortar
57%
Troop Royal recruits
57%
Troop Bomber
43%
Evo Evo bats
43%
Evo Evo knight
43%
Evo Evo mortar
43%
Evo Evo royal recruits
43%
Troop Rascals
43%
Spell Royal delivery
43%
Troop Skeleton barrel
43%
Evo Evo bomber
29%
Evo Evo skeleton barrel
29%
Evo Evo skeletons
29%
Hero Hero knight
29%
Troop Skeleton dragons
29%
Tower troop Tower Princess
29%
Troop Berserker
14%
Evo Evo royal giant
14%
No matching quizzes found
Score Distribution
Percent of People with Each Score
Percentile by Number Answered
Your Score History
You have not taken this quiz